000 00613nam a22002297a 4500
003 UA-OsUOA
001 95941
007 ta
008 20130312b un ||||| |||| 00| 0 ukr d
100 _aЛажечников И.И.
090 _a821.161.1
_bЛ16
942 _cBK
040 _aUA-OsUOA
_brus
_cUA-OsUOA
_dUA-OsUOA
245 _aЛедяной дом. Басурман
_bроманы
300 _a681 с.
955 _a3
041 _arus
080 _a821.161.1
260 _aК.
_bДніпро
_c1988
650 7 _a82 Література. Літературознавство
_2UDC
999 _c382187
_d382187